[Event "Seniorenkampioenschap 2014"]
[Site "Oosterbeek, Netherlands"]
[Date "2014.07.07"]
[Round "3"]
[White "Etmans, Maarten"]
[Black "Oosten, Arend van"]
[Result "1/2-1/2"]
[WhiteElo "1979"]
[BlackElo "2100"]
[PlyCount "74"]
[EventDate "2014.??.??"]

1. e4 e6 2. d4 d5 3. exd5 exd5 4. Qf3 Nf6 5. h3 Be7 6. Bd3 O-O 7. Ne2 Re8 8.
O-O Nbd7 9. Bf4 Nf8 10. g4 Ng6 11. Be5 Ne4 12. Bxe4 dxe4 13. Qc3 Bd6 14. Bxd6
Qxd6 15. Qg3 Qb6 16. Nbc3 c6 17. b3 f5 18. Na4 Qd8 19. g5 f4 20. Nxf4 Nxf4 21.
Qxf4 Bxh3 22. Rfe1 Qxd4 23. Qe3 Qxe3 24. Rxe3 Bf5 25. Rae1 Re5 26. b4 Rb5 27.
a3 Bg6 28. Rg3 Rd5 29. Nc5 Rd2 30. Nxb7 Rf8 31. Nc5 Rxc2 32. Nxe4 Bxe4 33. Rxe4
Rfxf2 34. Re8+ Kf7 35. Ra8 Rfd2 36. Rxa7+ Kg6 37. Kh1 Rd1+ 1/2-1/2

[Event "Seniorenkampioenschap 2014"]
[Site "Oosterbeek, Netherlands"]
[Date "2014.07.07"]
[Round "3"]
[White "Wageningen, Arie van"]
[Black "Calje, Tom"]
[Result "0-1"]
[WhiteElo "2079"]
[BlackElo "1961"]
[PlyCount "62"]
[EventDate "2014.??.??"]

1. Nf3 f5 2. g3 Nf6 3. c4 g6 4. Bg2 Bg7 5. O-O O-O 6. Nc3 d6 7. d4 e6 8. Qc2
Nc6 9. Rd1 Qe8 10. d5 Nb4 11. Qb3 Na6 12. dxe6 Nc5 13. Qc2 Bxe6 14. Nd5 Rc8 15.
Ng5 Bd7 16. Be3 b6 17. Bd4 h6 18. Nh3 g5 19. b3 Nxd5 20. cxd5 f4 21. Bxg7 Kxg7
22. gxf4 g4 23. Qc3+ Kg8 24. Kh1 gxh3 25. Rg1 Kh7 26. Be4+ Qxe4+ 27. f3 Qe7 28.
Rg3 Bf5 29. b4 Ne4 30. fxe4 Qxe4+ 31. Kg1 Rg8 0-1

[Event "Seniorenkampioenschap 2014"]
[Site "Oosterbeek, Netherlands"]
[Date "2014.07.07"]
[Round "3"]
[White "Pols, Leendert"]
[Black "Hoynck van Papendrecht, Frans"]
[Result "1/2-1/2"]
[WhiteElo "2045"]
[BlackElo "2045"]
[PlyCount "110"]
[EventDate "2014.??.??"]

1. c4 Nf6 2. Nc3 e6 3. g3 d5 4. cxd5 exd5 5. d4 c6 6. Nf3 Bd6 7. Bg2 O-O 8. O-O
Re8 9. Bf4 Bxf4 10. gxf4 Nbd7 11. b4 a6 12. a4 Nf8 13. e3 Bg4 14. Qc2 Qc8 15.
Ne5 Bh3 16. Qe2 Bxg2 17. Kxg2 N6d7 18. Qg4 Re6 19. Kh1 Nxe5 20. fxe5 Qd8 21.
Rg1 Rg6 22. Qh3 Qe7 23. Rab1 Rxg1+ 24. Kxg1 Qg5+ 25. Qg2 Qf5 26. Rc1 Re8 27.
Ne2 Qd3 28. Qf1 Ne6 29. Qd1 Qg6+ 30. Ng3 Qg5 31. Qh5 Qe7 32. Rb1 g6 33. Qg4 Ng7
34. Qf3 h5 35. b5 h4 36. Ne2 Qa3 37. bxa6 bxa6 38. Rb7 Nf5 39. Nf4 Re7 40. Rb8+
Kh7 41. Kg2 Qxa4 42. Nh5 Re6 43. Rf8 Qc2 44. Nf6+ Rxf6 45. exf6 Nh6 46. Qf4 g5
47. Qxg5 Qe4+ 48. f3 h3+ 49. Kxh3 Qxf3+ 50. Qg3 Qxf6 51. Qf4 Qe6+ 52. Kg2 Qg6+
53. Qg3 Qc2+ 54. Qf2 Qg6+ 55. Qg3 Qc2+ 1/2-1/2

[Event "Seniorenkampioenschap 2014"]
[Site "Oosterbeek, Netherlands"]
[Date "2014.07.07"]
[Round "3"]
[White "Jonkman, Fokke"]
[Black "Scheeren, Fred"]
[Result "1-0"]
[WhiteElo "2044"]
[BlackElo "1941"]
[PlyCount "85"]
[EventDate "2014.??.??"]

1. c4 Nf6 2. Nc3 e6 3. e4 c5 4. Nf3 Nc6 5. g3 Be7 6. Bg2 O-O 7. d4 cxd4 8. Nxd4
Ne5 9. b3 d6 10. O-O Qc7 11. Bb2 Bd7 12. Qd2 a6 13. Rac1 Rfd8 14. Rfd1 Be8 15.
h3 Rac8 16. f4 Ned7 17. Kh2 Nf8 18. Qe2 Rb8 19. Rc2 Qa5 20. Rcd2 N6d7 21. Nc2
Qc7 22. Ne3 Qa5 23. b4 Qxb4 24. Ncd5 exd5 25. Nxd5 Qa5 26. Bc3 Qa4 27. Nxe7+
Kh8 28. Nf5 f6 29. Nxd6 Kg8 30. e5 fxe5 31. fxe5 Nc5 32. Bd5+ Nfe6 33. Bd4 Kh8
34. Bxe6 Nxe6 35. Ba7 Ra8 36. Bb6 Rd7 37. Qg4 Re7 38. Rf1 Kg8 39. Nf5 Rd7 40.
Rdf2 g6 41. Nh6+ Kg7 42. Qxe6 Kxh6 43. Be3+ 1-0

[Event "Seniorenkampioenschap 2014"]
[Site "Oosterbeek, Netherlands"]
[Date "2014.07.07"]
[Round "3"]
[White "Mostertman, Loek"]
[Black "Smeets, Pierre"]
[Result "0-1"]
[WhiteElo "1901"]
[BlackElo "2043"]
[PlyCount "26"]
[EventDate "2014.??.??"]

1. e4 e6 2. d4 d5 3. Nd2 Nf6 4. e5 Nfd7 5. f4 c5 6. c3 Nc6 7. Ndf3 Qb6 8. g3
Be7 9. h4 f6 10. Bh3 cxd4 11. cxd4 O-O 12. Bxe6+ Kh8 13. Bxd5 Qa5+ 0-1

[Event "Seniorenkampioenschap 2014"]
[Site "Oosterbeek, Netherlands"]
[Date "2014.07.07"]
[Round "3"]
[White "Leeuwen, Etienne van"]
[Black "Thieme, Wim"]
[Result "1-0"]
[WhiteElo "2013"]
[BlackElo "1927"]
[PlyCount "99"]
[EventDate "2014.??.??"]

1. e4 e6 2. d4 d5 3. Nc3 Bb4 4. e5 Ne7 5. a3 Bxc3+ 6. bxc3 c5 7. Qg4 Nf5 8. Bd3
h5 9. Qf4 Qh4 10. Bxf5 Qxf4 11. Bxf4 exf5 12. Nf3 cxd4 13. cxd4 Nc6 14. Rb1 b6
15. Bd2 Ba6 16. Bb4 Rc8 17. Kd2 Nd8 18. c3 Ne6 19. a4 Bc4 20. a5 b5 21. g3 g5
22. h4 g4 23. Ne1 f4 24. Ng2 f3 25. Ne3 Ng7 26. Bc5 a6 27. Nxc4 dxc4 28. Rhe1
Ne6 29. Bb6 Nc7 30. Bxc7 Rxc7 31. Re4 Rh6 32. Rf4 Re7 33. Re1 Rd7 34. Ree4 Ke7
35. Rf5 Rb7 36. Ref4 Rh7 37. Rf6 b4 38. Rb6 Rxb6 39. axb6 b3 40. Rf6 Rh8 41. b7
Rb8 42. Rb6 a5 43. Kc1 Kd7 44. d5 a4 45. Kb2 Kc7 46. Rb4 Re8 47. b8=Q+ Rxb8 48.
Rxc4+ Kd7 49. Rxa4 Re8 50. Ra7+ 1-0

[Event "Seniorenkampioenschap 2014"]
[Site "Oosterbeek, Netherlands"]
[Date "2014.07.07"]
[Round "3"]
[White "Lootsma, Jan"]
[Black "Seeleman, Jan"]
[Result "1/2-1/2"]
[WhiteElo "1991"]
[BlackElo "1931"]
[PlyCount "80"]
[EventDate "2014.??.??"]

1. e4 c5 2. Nf3 d6 3. Bc4 e6 4. c3 Nf6 5. Qe2 Be7 6. d4 O-O 7. e5 dxe5 8. dxe5
Nd5 9. O-O a6 10. Rd1 b5 11. Bd3 g6 12. b3 Qc7 13. a3 Bb7 14. c4 bxc4 15. bxc4
Nb6 16. Bf4 Nc6 17. Nc3 Rad8 18. Ne4 Nd4 19. Nxd4 Rxd4 20. Bg3 Rfd8 21. Nd6 Bc6
22. Bc2 Rxd1+ 23. Rxd1 Na4 24. Qe3 Qa5 25. Qf4 Bxd6 26. exd6 Nc3 27. Qd2 Qxa3
28. Re1 Qb2 29. Qg5 Ne2+ 30. Kh1 Nxg3+ 31. hxg3 Qb8 32. Qxc5 Qxd6 33. Qa5 Qd2
34. Ra1 Qd7 35. Qxa6 Bb7 36. Qa4 Qd2 37. Kg1 Qc3 38. Bb3 Bc6 39. Qa5 Qxa5 40.
Rxa5 Kf8 1/2-1/2

[Event "Seniorenkampioenschap 2014"]
[Site "Oosterbeek, Netherlands"]
[Date "2014.07.07"]
[Round "3"]
[White "Burer, Audry"]
[Black "Goossen, Theo"]
[Result "0-1"]
[WhiteElo "1922"]
[BlackElo "1970"]
[PlyCount "112"]
[EventDate "2014.??.??"]

1. e4 c5 2. Nf3 g6 3. c3 Bg7 4. Be2 Nf6 5. e5 Nd5 6. d4 cxd4 7. cxd4 d6 8. exd6
Qxd6 9. O-O O-O 10. Nc3 a6 11. Qb3 e6 12. Nxd5 exd5 13. Be3 Nc6 14. Rac1 Na5
15. Qa4 b6 16. g3 Bd7 17. Qd1 Nc4 18. Bf4 Qe7 19. Bxc4 dxc4 20. Rxc4 Bb5 21.
Rc7 Qe2 22. Re1 Qxd1 23. Rxd1 Be2 24. Rdc1 Bxf3 25. Be3 Bd5 26. b3 a5 27. Rd7
Rfd8 28. Rcc7 Rxd7 29. Rxd7 Bf3 30. Rd6 b5 31. Rb6 b4 32. Rb5 f5 33. Kf1 a4 34.
Ke1 axb3 35. axb3 Bf8 36. Kd2 Ra2+ 37. Kc1 Be4 38. Rb6 Ra1+ 39. Kb2 Ra8 40. Rb5
Rc8 41. Rb6 Kf7 42. h4 Rc2+ 43. Ka1 Rc3 44. Kb2 Bd5 45. Rb5 Rxb3+ 46. Kc2 Rc3+
47. Kb2 Be4 48. Rb6 Rc6 49. Rb5 Ke6 50. Re5+ Kd7 51. Rb5 Bd6 52. Rb7+ Rc7 53.
Rb5 Rc2+ 54. Kb3 Rc3+ 55. Kb2 Bc6 56. Ra5 Ra3 0-1

[Event "Seniorenkampioenschap 2014"]
[Site "Oosterbeek, Netherlands"]
[Date "2014.07.07"]
[Round "3"]
[White "Landsbergen, Ron"]
[Black "Wagenaar, Harm Theo"]
[Result "1/2-1/2"]
[WhiteElo "1977"]
[BlackElo "1970"]
[PlyCount "99"]
[EventDate "2014.??.??"]

1. d4 d5 2. Nf3 Nf6 3. Bf4 c5 4. c3 Qb6 5. Qb3 Nc6 6. e3 c4 7. Qxb6 axb6 8.
Nbd2 b5 9. Be2 Bf5 10. O-O h6 11. Ne5 e6 12. a3 Be7 13. Rfe1 O-O 14. h3 Ne4 15.
Nxe4 Bxe4 16. f3 Bh7 17. Nxc6 bxc6 18. Bf1 f5 19. Be5 Ra7 20. f4 Re8 21. Rac1
Bh4 22. Red1 Bg3 23. Be2 Bg6 24. Rf1 h5 25. Bd6 Kf7 26. Ra1 Rd8 27. Bc5 Ra6 28.
Ra2 Bh4 29. Kh2 Bf6 30. Rfa1 Rda8 31. Bd1 Be7 32. Bxe7 Kxe7 33. Kg3 Be8 34. a4
Kd6 35. b4 cxb3 36. Bxb3 c5 37. axb5 Rxa2 38. Rxa2 Rxa2 39. Bxa2 Bxb5 40. Bb3
cxd4 41. cxd4 Ke7 42. Bd1 g6 43. Bf3 Bc4 44. h4 Bd3 45. Bd1 Bb5 46. Kf2 Kd6 47.
Ke1 Kc6 48. Kd2 Kb6 49. Kc3 Ka5 50. g3 1/2-1/2

[Event "Seniorenkampioenschap 2014"]
[Site "Oosterbeek, Netherlands"]
[Date "2014.07.08"]
[Round "4"]
[White "Berg, Ad van den"]
[Black "Lanen, Toon van"]
[Result "1/2-1/2"]
[WhiteElo "2187"]
[BlackElo "2098"]
[PlyCount "84"]
[EventDate "2014.??.??"]

1. e4 d5 2. Nc3 d4 3. Nce2 e5 4. Ng3 Be6 5. Nf3 f6 6. Bb5+ c6 7. Ba4 g6 8. Bb3
Qd6 9. O-O Bg4 10. d3 Nd7 11. Bd2 O-O-O 12. h3 Bxf3 13. Qxf3 Bh6 14. Ba5 b6 15.
Be1 Ne7 16. Bc4 Kc7 17. b4 b5 18. Bb3 Nb6 19. a4 bxa4 20. Bxa4 Nxa4 21. Rxa4
Nc8 22. Qd1 Kb8 23. Bd2 Bxd2 24. Qxd2 Rhe8 25. Rfa1 Re7 26. Qc1 Rb7 27. Qa3
Rdd7 28. Nf1 Qe6 29. Nd2 Nd6 30. Nb3 Nb5 31. Qb2 Nc3 32. Nc5 Nxa4 33. Rxa4 Qf7
34. Qa3 Re7 35. Nxb7 Rxb7 36. c4 f5 37. exf5 gxf5 38. f3 Qe7 39. c5 e4 40. dxe4
fxe4 41. fxe4 Qxe4 42. Qg3+ Ka8 1/2-1/2

[Event "Seniorenkampioenschap 2014"]
[Site "Oosterbeek, Netherlands"]
[Date "2014.07.08"]
[Round "4"]
[White "Markus, John"]
[Black "Vogel, Jaap"]
[Result "1/2-1/2"]
[WhiteElo "2127"]
[BlackElo "2217"]
[PlyCount "34"]
[EventDate "2014.??.??"]

1. d4 e6 2. Nf3 f5 3. g3 Nf6 4. Bg2 d5 5. O-O Bd6 6. c4 c6 7. Qc2 O-O 8. b3 Qe7
9. a4 a5 10. Ne5 Na6 11. Ba3 Nb4 12. Bxb4 Bxb4 13. c5 Ne4 14. Nd3 e5 15. Nxe5
Nxc5 16. e3 Ne4 17. f3 Nf6 1/2-1/2

[Event "Seniorenkampioenschap 2014"]
[Site "Oosterbeek, Netherlands"]
[Date "2014.07.08"]
[Round "4"]
[White "Calje, Tom"]
[Black "Jonkman, Fokke"]
[Result "1/2-1/2"]
[WhiteElo "1961"]
[BlackElo "2044"]
[PlyCount "60"]
[EventDate "2014.??.??"]

1. f4 c5 2. Nf3 g6 3. g3 Bg7 4. Bg2 e6 5. d3 Ne7 6. O-O Nbc6 7. c3 O-O 8. Na3
d6 9. e4 b6 10. Nc2 Ba6 11. Ne3 Rb8 12. g4 d5 13. f5 dxe4 14. Ng5 Nd5 15. Bxe4
Nxc3 16. bxc3 Bxc3 17. Nc2 Bxa1 18. Nxa1 Qd4+ 19. Kh1 Qxa1 20. Bxc6 exf5 21.
gxf5 Rbd8 22. Be4 Bxd3 23. Bxd3 c4 24. fxg6 hxg6 25. Qg4 cxd3 26. Qh3 Qg7 27.
Bb2 f6 28. Qe6+ Kh8 29. Qh3+ Kg8 30. Qe6+ Kh8 1/2-1/2

[Event "Seniorenkampioenschap 2014"]
[Site "Oosterbeek, Netherlands"]
[Date "2014.07.08"]
[Round "4"]
[White "Smeets, Pierre"]
[Black "Leeuwen, Etienne van"]
[Result "1/2-1/2"]
[WhiteElo "2043"]
[BlackElo "2013"]
[PlyCount "61"]
[EventDate "2014.??.??"]

1. Nf3 Nf6 2. c4 g6 3. g3 Bg7 4. Bg2 O-O 5. O-O d5 6. d4 dxc4 7. Na3 c3 8. bxc3
c5 9. Ne5 Nd5 10. Bb2 Nc6 11. Nac4 Nxe5 12. Nxe5 Bxe5 13. dxe5 Be6 14. c4 Nb6
15. Bxb7 Rb8 16. Bf3 Nxc4 17. Bc3 Qc7 18. Qa4 Nxe5 19. Bxe5 Qxe5 20. Qxa7 Bh3
21. Rfd1 Rfd8 22. Qa4 Rd6 23. Qh4 Rbd8 24. e3 Rxd1+ 25. Rxd1 Rxd1+ 26. Bxd1 Qd5
27. Qxh3 Qxd1+ 28. Qf1 Qc2 29. Qb5 c4 30. Qb8+ Kg7 31. Qe5+ 1/2-1/2

[Event "Seniorenkampioenschap 2014"]
[Site "Oosterbeek, Netherlands"]
[Date "2014.07.08"]
[Round "4"]
[White "Oosten, Arend van"]
[Black "Pols, Leendert"]
[Result "1-0"]
[WhiteElo "2100"]
[BlackElo "1961"]
[PlyCount "62"]
[EventDate "2014.??.??"]

1. e4 e6 2. d4 d5 3. Nd2 c5 4. exd5 Qxd5 5. Ngf3 cxd4 6. Bc4 Qd6 7. O-O Nf6 8.
Nb3 Nc6 9. Nbxd4 Nxd4 10. Nxd4 a6 11. a4 Be7 12. Be3 O-O 13. Nb3 Qc7 14. Qe2
Nd5 15. Bd4 f6 16. g3 Kh8 17. Rfe1 Bd6 18. a5 Bd7 19. c3 Bc6 20. Qxe6 Rae8 21.
Qf5 Ne7 22. Qd3 Ng6 23. f4 Rxe1+ 24. Rxe1 Bd7 25. Bb6 Qb8 26. Rd1 Qc8 27. Bd5
Bg4 28. Bf3 Bxf4 29. gxf4 Nxf4 30. Qe4 Nh3+ 31. Kh1 f5 1-0

[Event "Seniorenkampioenschap 2014"]
[Site "Oosterbeek, Netherlands"]
[Date "2014.07.08"]
[Round "4"]
[White "Viergever, Max"]
[Black "Etmans, Maarten"]
[Result "1-0"]
[WhiteElo "2081"]
[BlackElo "1979"]
[PlyCount "109"]
[EventDate "2014.??.??"]

1. e4 Nc6 2. Nf3 d6 3. d4 Bg4 4. Be3 Nf6 5. Nc3 d5 6. exd5 Nxd5 7. Nxd5 Qxd5 8.
Be2 e6 9. O-O Be7 10. c4 Qd8 11. d5 exd5 12. cxd5 Bxf3 13. Bxf3 Ne5 14. Be4 Qd7
15. Qc2 Ng6 16. Bf5 Qd6 17. Rac1 O-O 18. Qxc7 Qxd5 19. Bxg6 Bd6 20. Bxh7+ Kxh7
21. Qc2+ Kg8 22. Rcd1 Qe6 23. Rfe1 Qf6 24. Bd4 Qh6 25. Be5 Bxe5 26. Rxe5 Rac8
27. Qe4 Rc1 28. Red5 Qc6 29. Qd3 Rxd1+ 30. Qxd1 Qb6 31. b3 Rc8 32. g3 Qf6 33.
Kg2 Qc6 34. Qf3 a6 35. b4 Qe6 36. a3 Re8 37. Rc5 Qe7 38. Rc3 Qd7 39. Rc5 Qe7
40. Qf4 Qe6 41. Rc7 Re7 42. Rc3 Qd5+ 43. Qf3 Qd7 44. Rd3 Qc7 45. Qd5 Re8 46.
Rd4 Qe7 47. Rh4 g6 48. Qd2 Qe5 49. Qd3 Rc8 50. Qd7 Qc3 51. Qxb7 Kg7 52. Qxa6
Rc6 53. Qa8 Rc8 54. Qf3 Qe1 55. Qe4 1-0

[Event "Seniorenkampioenschap 2014"]
[Site "Oosterbeek, Netherlands"]
[Date "2014.07.08"]
[Round "4"]
[White "Hoynck van Papendrecht, Fr"]
[Black "Goossen, Theo"]
[Result "1/2-1/2"]
[WhiteElo "2074"]
[BlackElo "1970"]
[PlyCount "24"]
[EventDate "2014.??.??"]

1. d4 d5 2. Nf3 e6 3. c3 f5 4. g3 Nf6 5. Bg2 Bd6 6. O-O Nbd7 7. Na3 c6 8. Nc2
O-O 9. Nce1 c5 10. Nd3 c4 11. Nde5 Bxe5 12. Nxe5 Nxe5 1/2-1/2

[Event "Seniorenkampioenschap 2014"]
[Site "Oosterbeek, Netherlands"]
[Date "2014.07.08"]
[Round "4"]
[White "Schouten, Nico"]
[Black "Mostertman, Loek"]
[Result "1-0"]
[WhiteElo "2232"]
[BlackElo "1901"]
[PlyCount "69"]
[EventDate "2014.??.??"]

1. d4 Nf6 2. c4 c5 3. dxc5 e6 4. a3 Bxc5 5. e3 d5 6. Nf3 O-O 7. Qc2 Qe7 8. b4
Bb6 9. Bb2 a5 10. b5 Nbd7 11. Nbd2 a4 12. Be2 Nc5 13. O-O Rd8 14. Bd4 Bd7 15.
Rfc1 Rac8 16. Qb2 Ba5 17. Rc2 b6 18. Rd1 Ne8 19. Qa2 Kf8 20. Ne5 f6 21. Nxd7+
Rxd7 22. cxd5 e5 23. Bg4 exd4 24. exd4 f5 25. Bxf5 Rcd8 26. Bxd7 Nxd7 27. Nc4
Nd6 28. Re2 Ne4 29. Qc2 Ndf6 30. f3 Nxd5 31. Rxe4 Qc7 32. Re5 Nc3 33. Nxa5 bxa5
34. Rc1 Rxd4 35. Qf5+ 1-0

[Event "Seniorenkampioenschap 2014"]
[Site "Oosterbeek, Netherlands"]
[Date "2014.07.08"]
[Round "4"]
[White "Seeleman, Jan"]
[Black "Wageningen, Arie van"]
[Result "1-0"]
[WhiteElo "1931"]
[BlackElo "2079"]
[PlyCount "131"]
[EventDate "2014.??.??"]

1. e4 e6 2. d4 d5 3. Nc3 Nf6 4. e5 Nfd7 5. f4 c5 6. Nf3 Nc6 7. Be3 Qb6 8. Na4
Qa5+ 9. c3 cxd4 10. b4 Nxb4 11. cxb4 Bxb4+ 12. Bd2 Bxd2+ 13. Nxd2 O-O 14. Bd3
b5 15. Nb2 Ba6 16. Qe2 Qc3 17. Rb1 Nc5 18. O-O Nxd3 19. Qxd3 Rac8 20. Nb3 Qxd3
21. Nxd3 b4 22. Rfd1 Bxd3 23. Rxd3 Rc2 24. Rxd4 Rxa2 25. Rxb4 g5 26. Nc1 Rc2
27. fxg5 a5 28. Ra4 Rfc8 29. Nd3 R8c3 30. Rd1 Re2 31. Re1 Rd2 32. Nf4 Rc4 33.
Rxc4 dxc4 34. Rc1 Rd4 35. g3 Re4 36. Kf2 Rxe5 37. Rxc4 Rxg5 38. h4 Rb5 39. Nd3
Rb3 40. Ke3 Kg7 41. Ra4 Rb5 42. Ke4 f5+ 43. Kd4 Rd5+ 44. Kc4 Kf6 45. Nc5 Rd1
46. Rxa5 Rg1 47. Ra3 f4 48. Rf3 e5 49. gxf4 Rg4 50. Nd7+ Kf5 51. Nxe5 Rxh4 52.
Nd3 Rh6 53. Kd5 Ra6 54. Rh3 Ra7 55. Rh5+ Kf6 56. Nc5 Kg6 57. Rg5+ Kf7 58. f5
Ra5 59. Kd6 Ra1 60. Rh5 Kf6 61. Ne4+ Kg7 62. Ke6 Rf1 63. Ke7 Rf4 64. f6+ Kg6
65. Re5 h6 66. Re6 1-0

[Event "Seniorenkampioenschap 2014"]
[Site "Oosterbeek, Netherlands"]
[Date "2014.07.08"]
[Round "4"]
[White "Scheeren, Fred"]
[Black "Lootsma, Jan"]
[Result "0-1"]
[WhiteElo "1941"]
[BlackElo "1991"]
[PlyCount "114"]
[EventDate "2014.??.??"]

1. e4 e6 2. d3 d5 3. Nd2 Nf6 4. Ngf3 c5 5. g3 Nc6 6. Bg2 Be7 7. O-O b5 8. c3
Qb6 9. Qc2 Bb7 10. Re1 h6 11. Nf1 d4 12. c4 bxc4 13. dxc4 Nb4 14. Qd1 d3 15. e5
Nd7 16. Ne3 Rd8 17. a3 Nc6 18. Qxd3 Ndxe5 19. Qe2 Nxf3+ 20. Qxf3 O-O 21. Rb1
Rd7 22. Qg4 Ne5 23. Qe2 Bxg2 24. Nxg2 Bf6 25. Be3 Qc6 26. Red1 Nf3+ 27. Kh1 Bd4
28. Rd3 Ne5 29. Rd2 Bxe3 30. Rxd7 Qxd7 31. Nxe3 Qc6+ 32. Ng2 Nf3 33. Rd1 Nd4
34. Qd3 e5 35. Re1 f6 36. b4 cxb4 37. axb4 Rc8 38. Rc1 Qa4 39. Rb1 Qa2 40. Ne3
Qxf2 41. Rf1 Qe2 42. Qe4 Kh8 43. Kg1 Nc2 44. Qxc2 Qxe3+ 45. Kg2 Rd8 46. Rf2 Rd3
47. Qa4 Qe4+ 48. Kh3 Qxc4 49. Qxa7 Qxb4 50. Qa8+ Kh7 51. Qc8 Qe4 52. Qe6 h5 53.
Qe8 Qg4+ 54. Kg2 h4 55. Qb5 h3+ 56. Kg1 Rd1+ 57. Rf1 Qd4+ 0-1

[Event "Seniorenkampioenschap 2014"]
[Site "Oosterbeek, Netherlands"]
[Date "2014.07.08"]
[Round "4"]
[White "Thieme, Wim"]
[Black "Landsbergen, Ron"]
[Result "0-1"]
[WhiteElo "1927"]
[BlackElo "1977"]
[PlyCount "78"]
[EventDate "2014.??.??"]

1. e4 c5 2. Nf3 e6 3. d4 cxd4 4. Nxd4 Nf6 5. Nc3 Nc6 6. Ndb5 Bb4 7. a3 Bxc3+ 8.
Nxc3 d5 9. exd5 exd5 10. Bd3 O-O 11. O-O d4 12. Ne2 Bg4 13. f3 Bh5 14. Bg5 Bg6
15. Nf4 Bxd3 16. Nxd3 Qd6 17. Bf4 Qd8 18. Re1 Nd5 19. Qd2 Qf6 20. Re4 Rae8 21.
Rae1 Re6 22. Ne5 Rfe8 23. Bg5 Qf5 24. g4 Nxe5 25. gxf5 Nxf3+ 26. Kf2 Nxd2 27.
Rxe6 fxe6 28. Bxd2 e5 29. Kf3 Kf7 30. Bg5 h6 31. Bh4 Ne3 32. Ke4 Ng2 33. Rg1
Nxh4 34. Rg4 g5 35. fxg6+ Nxg6 36. Kf5 Nf4 37. Rg3 Nd5 38. Ke4 Nf6+ 39. Kf5 e4
0-1

[Event "Seniorenkampioenschap 2014"]
[Site "Oosterbeek, Netherlands"]
[Date "2014.07.08"]
[Round "4"]
[White "Wagenaar, Harm Theo"]
[Black "Burer, Audry"]
[Result "1-0"]
[WhiteElo "1970"]
[BlackElo "1922"]
[PlyCount "125"]
[EventDate "2014.??.??"]

1. d4 Nf6 2. Nf3 g6 3. c3 d5 4. Bg5 Bg7 5. Nbd2 O-O 6. e3 h6 7. Bh4 Bf5 8. Be2
Nbd7 9. b4 b6 10. b5 g5 11. Bg3 Ne4 12. Nxe4 dxe4 13. Nd2 Nf6 14. O-O Bg6 15.
Qb3 Kh7 16. Rac1 Ne8 17. Rfd1 f5 18. h3 Qd7 19. Bc4 Nd6 20. Bd5 Rad8 21. Bc6
Qc8 22. Bxd6 cxd6 23. c4 Bf7 24. Qa3 Qb8 25. d5 Rc8 26. Bd7 Bg6 27. Bxc8 Rxc8
28. Nb3 Rc7 29. Nd4 Bxd4 30. Rxd4 Qc8 31. Qb2 f4 32. exf4 gxf4 33. Qe2 Qf5 34.
Re1 f3 35. Qe3 fxg2 36. Kxg2 Rc8 37. f4 Rg8 38. Kh2 Rf8 39. Rf1 Qh5 40. Rg1 Qf5
41. Rf1 Qf6 42. Rd2 Bf5 43. Rg2 e6 44. Rfg1 exd5 45. cxd5 Re8 46. a4 Re7 47.
Qg3 Qf7 48. Qc3 Rc7 49. Qd4 Re7 50. Rg7+ Qxg7 51. Rxg7+ Rxg7 52. Qf6 Bg6 53.
Qxd6 Rf7 54. Qe5 Bf5 55. Kg3 Kg6 56. h4 h5 57. Kf2 Kh7 58. Ke3 Kg8 59. Kd4 Bg6
60. Qg5 Kh7 61. d6 Rd7 62. Ke5 e3 63. f5 1-0

[Event "Seniorenkampioenschap 2014"]
[Site "Oosterbeek, Netherlands"]
[Date "2014.07.09"]
[Round "5"]
[White "Van Lanen, Toon"]
[Black "Markus, John"]
[Result "0-1"]
[WhiteElo "2098"]
[BlackElo "2127"]
[PlyCount "144"]
[EventDate "2014.??.??"]

1. e4 g6 2. d4 Bg7 3. g3 d6 4. Bg2 Nf6 5. Ne2 O-O 6. Nbc3 Nbd7 7. O-O c5 8. Be3
Rb8 9. Rb1 b6 10. Re1 Bb7 11. h3 a6 12. a4 cxd4 13. Bxd4 Nc5 14. e5 Nfe4 15.
Nxe4 Nxe4 16. Bxe4 Bxe4 17. exd6 e5 18. Be3 Bf3 19. Qd3 Qd7 20. Kh2 Qxa4 21.
Ra1 Qc6 22. Rxa6 Rfd8 23. Nc3 Rxd6 24. Qb5 Qc8 25. Ra7 Bc6 26. Qc4 Qf5 27. Rc7
b5 28. Qc5 Qf3 29. Rg1 Rf6 30. Nb1 Bf8 31. Qa7 Ra8 32. Qb6 Ra1 33. Rxc6 Qxc6
34. Qb8 Ra8 35. Qxe5 Re8 36. Qc3 b4 37. Qxc6 Rxc6 38. c3 Bc5 39. Bxc5 Rxc5 40.
cxb4 Rc2 41. Kg2 Rxb2 42. Nc3 Kg7 43. Rb1 Rc2 44. Rb3 Rd8 45. Ne4 Rc4 46. Nc5
Rc2 47. Kf3 Rb8 48. Nd3 Rb5 49. Ke4 h5 50. h4 f6 51. Ra3 Rc4+ 52. Ke3 g5 53.
hxg5 fxg5 54. Ra7+ Kg6 55. Ra8 Rd5 56. Ra3 Kf5 57. Rb3 Rb5 58. Kf3 h4 59. gxh4
gxh4 60. Ra3 Rd4 61. Ke3 Rbd5 62. Nc1 Rxb4 63. Ne2 Re4+ 64. Kf3 Rde5 65. Ra2
Rg4 66. Ra8 Rb4 67. Rf8+ Kg5 68. Rg8+ Kh6 69. Nf4 Rf5 70. Rg4 h3 71. Rh4+ Kg7
72. Rg4+ Kf7 0-1

[Event "Seniorenkampioenschap 2014"]
[Site "Oosterbeek, Netherlands"]
[Date "2014.07.09"]
[Round "5"]
[White "Vogel, Jaap"]
[Black "Van den Berg, Ad"]
[Result "1/2-1/2"]
[WhiteElo "2217"]
[BlackElo "2187"]
[PlyCount "52"]
[EventDate "2014.??.??"]

1. d4 Nf6 2. Nf3 g6 3. g3 Bg7 4. Bg2 O-O 5. O-O d6 6. c4 Bg4 7. Nc3 Qc8 8. Bg5
h6 9. Bxf6 exf6 10. Qb3 Nc6 11. e3 Re8 12. Nd5 g5 13. h3 Bd7 14. Rac1 Nd8 15.
Kh2 c6 16. Nc3 f5 17. Qa3 Qc7 18. d5 c5 19. b4 Rc8 20. Nb5 Bxb5 21. cxb5 b6 22.
bxc5 dxc5 23. Nd4 f4 24. Nf5 Bf8 25. exf4 gxf4 26. Qf3 Nb7 1/2-1/2

[Event "Seniorenkampioenschap 2014"]
[Site "Oosterbeek, Netherlands"]
[Date "2014.07.09"]
[Round "5"]
[White "Van Leeuwen, Etienne"]
[Black "Van Oosten, Arend"]
[Result "0-1"]
[WhiteElo "2013"]
[BlackElo "2100"]
[PlyCount "74"]
[EventDate "2014.??.??"]

1. e4 e6 2. d4 d5 3. Nc3 Nf6 4. e5 Nfd7 5. Nce2 c5 6. c3 Nc6 7. f4 cxd4 8. cxd4
Be7 9. Nf3 O-O 10. g3 f6 11. Bg2 fxe5 12. fxe5 Qb6 13. a4 a5 14. Nf4 Bb4+ 15.
Ke2 Ne7 16. Bd2 Nb8 17. Bxb4 Qxb4 18. Qd2 Nbc6 19. Qxb4 Nxb4 20. Ng5 Ra6 21.
Rhc1 h6 22. Nf3 Nbc6 23. Bh3 Nf5 24. Bxf5 Rxf5 25. Rc5 Bd7 26. Rac1 Kf7 27. Ke3
g5 28. Ne2 Ke7 29. Rb5 b6 30. Rb3 Nb4 31. Nc3 Ra8 32. Nb5 Raf8 33. Nd2 Rf2 34.
h4 g4 35. Nc3 Rg2 36. Ne2 Rff2 37. Nf4 Rh2 0-1

[Event "Seniorenkampioenschap 2014"]
[Site "Oosterbeek, Netherlands"]
[Date "2014.07.09"]
[Round "5"]
[White "Calje, Tom"]
[Black "Viergever, Max"]
[Result "1/2-1/2"]
[WhiteElo "1961"]
[BlackElo "2081"]
[PlyCount "44"]
[EventDate "2014.??.??"]

1. f4 d5 2. Nf3 Bg4 3. e3 Nd7 4. Be2 Ngf6 5. d4 e6 6. O-O Be7 7. Ne5 Bxe2 8.
Qxe2 Ne4 9. Nd2 Nxd2 10. Bxd2 c6 11. c3 g6 12. Nxd7 Qxd7 13. b4 O-O 14. a4 a6
15. a5 Kg7 16. Rf3 h5 17. Be1 Rh8 18. h4 Qd8 19. Rh3 Qd7 20. Rf3 Rag8 21. Bg3
Kf8 22. Re1 f5 1/2-1/2

[Event "Seniorenkampioenschap 2014"]
[Site "Oosterbeek, Netherlands"]
[Date "2014.07.09"]
[Round "5"]
[White "Jonkman, Fokke"]
[Black "Smeets, Pierre"]
[Result "1-0"]
[WhiteElo "2044"]
[BlackElo "2043"]
[PlyCount "51"]
[EventDate "2014.??.??"]

1. c4 c6 2. Nf3 d5 3. g3 Nf6 4. Bg2 Bf5 5. b3 e6 6. Bb2 Nbd7 7. O-O Be7 8. d3
h6 9. Nc3 Bh7 10. e4 dxe4 11. Nxe4 Nxe4 12. dxe4 Nf6 13. e5 Qxd1 14. Raxd1 Ne4
15. Nd4 Rd8 16. Rfe1 Nc5 17. Bf1 a5 18. Bc3 Ra8 19. Bg2 O-O 20. Re3 Rfd8 21.
Rd2 Kf8 22. Kf1 Bg5 23. f4 Be7 24. Ke2 Rd7 25. g4 Na6 26. Nxe6+ 1-0